000 00418nam a2200097Ia 4500
008 180130s9999 xx 000 0 und d
245 _cLiao, Junsong; Singh, Brajendra K.; Khalid, Mohammed A.S.; Tepe, Kemal E.
_aFPGA based wireless sensor node with customizable event-driven architecture
260 _c2016
300 _aBook title: Embedded system design--Acession number C20733; pages 188-198
650 _aSYSTEM DESIGN
999 _c354363
_d354363